<?xml version="1.0" encoding="UTF-8"?>
<record
    xmlns:xsi="http://www.w3.org/2001/XMLSchema-instance"
    xsi:schemaLocation="http://www.loc.gov/MARC21/slim http://www.loc.gov/standards/marcxml/schema/MARC21slim.xsd"
    xmlns="http://www.loc.gov/MARC21/slim">

  <leader>00671nam a22002057a 4500</leader>
  <controlfield tag="005">20260127154245.0</controlfield>
  <datafield tag="010" ind1=" " ind2=" ">
    <subfield code="a">ENG-146616 ENG-147674</subfield>
  </datafield>
  <datafield tag="020" ind1=" " ind2=" ">
    <subfield code="a">9789359062228</subfield>
    <subfield code="c">100.00</subfield>
  </datafield>
  <datafield tag="035" ind1=" " ind2=" ">
    <subfield code="a">EN-130146</subfield>
  </datafield>
  <datafield tag="035" ind1=" " ind2=" ">
    <subfield code="a">EN-131206</subfield>
  </datafield>
  <datafield tag="037" ind1=" " ind2=" ">
    <subfield code="b">DBAD</subfield>
  </datafield>
  <datafield tag="082" ind1=" " ind2=" ">
    <subfield code="a">S</subfield>
  </datafield>
  <datafield tag="100" ind1=" " ind2=" ">
    <subfield code="a">Sudheer, Jaladi Ratna</subfield>
    <subfield code="9">86898</subfield>
  </datafield>
  <datafield tag="245" ind1=" " ind2=" ">
    <subfield code="a">Heart Beats/</subfield>
    <subfield code="c">Jaladi Ratna Sudheer</subfield>
  </datafield>
  <datafield tag="260" ind1=" " ind2=" ">
    <subfield code="a">Hyderabad</subfield>
    <subfield code="b">jaladi Ratna Sudheer</subfield>
    <subfield code="c">Sep, 2023</subfield>
  </datafield>
  <datafield tag="270" ind1=" " ind2=" ">
    <subfield code="a">501,Saikrishna Towers 8-3-229/16/W Hylem Colony, Venkatagiri</subfield>
    <subfield code="b">Hyderabad</subfield>
    <subfield code="e">500045</subfield>
  </datafield>
  <datafield tag="300" ind1=" " ind2=" ">
    <subfield code="a">121p.</subfield>
    <subfield code="c">21cm(pbk)</subfield>
  </datafield>
  <datafield tag="700" ind1=" " ind2=" ">
    <subfield code="a">Beham, M.Parisa ; Tamilselvi, R. ; Ramya, S. ; Shanmugapriya and Judith,J. </subfield>
    <subfield code="9">84656</subfield>
  </datafield>
  <datafield tag="942" ind1=" " ind2=" ">
    <subfield code="2">ddc</subfield>
    <subfield code="c">EN</subfield>
    <subfield code="h">S</subfield>
    <subfield code="m">SUD</subfield>
  </datafield>
  <datafield tag="999" ind1=" " ind2=" ">
    <subfield code="c">213308</subfield>
    <subfield code="d">213308</subfield>
  </datafield>
  <datafield tag="952" ind1=" " ind2=" ">
    <subfield code="0">0</subfield>
    <subfield code="1">0</subfield>
    <subfield code="4">0</subfield>
    <subfield code="7">0</subfield>
    <subfield code="8">NFIC</subfield>
    <subfield code="a">M</subfield>
    <subfield code="b">M</subfield>
    <subfield code="d">2025-09-03</subfield>
    <subfield code="e">DBAD</subfield>
    <subfield code="g">100.00</subfield>
    <subfield code="l">0</subfield>
    <subfield code="o">S SUD</subfield>
    <subfield code="p">EN-130146</subfield>
    <subfield code="r">2025-09-03 00:00:00</subfield>
    <subfield code="t">1</subfield>
    <subfield code="v">100.00</subfield>
    <subfield code="w">2025-09-03</subfield>
    <subfield code="y">EN</subfield>
  </datafield>
  <datafield tag="952" ind1=" " ind2=" ">
    <subfield code="0">0</subfield>
    <subfield code="1">0</subfield>
    <subfield code="4">0</subfield>
    <subfield code="7">0</subfield>
    <subfield code="8">FIC</subfield>
    <subfield code="a">AV</subfield>
    <subfield code="b">AV</subfield>
    <subfield code="d">2026-01-27</subfield>
    <subfield code="e">Delivery of Books Act Division</subfield>
    <subfield code="g">100.00</subfield>
    <subfield code="l">0</subfield>
    <subfield code="o">S SUD</subfield>
    <subfield code="p">EN-131206</subfield>
    <subfield code="r">2026-01-27 00:00:00</subfield>
    <subfield code="t">1</subfield>
    <subfield code="v">100.00</subfield>
    <subfield code="w">2026-01-27</subfield>
    <subfield code="y">EN</subfield>
  </datafield>
</record>
